00686nam a2200193Ia 4500003000400000005001700004008004100021040000900062082002300071100002600094245007500120260004000195300001000235630002800245650006800273942000900341952012300350999001900473OSt20230110153200.0211109s9999||||xx |||||||||||||| ||und|| cSBCL a332.1780253bRES-B aReserve Bank of India 0aBharatheeya Bank Vavyasay Ki Pravarthhi Our Pragathi Ki Report 1983-84 bReserve Bank of IndiaaMumbaic1980 a129p. xPost Graduate Reference aFinancial economicsvEconomicsxSocial sciencesBankingEconomics cBOOK 00102ddc4070aSBCLbSBCLc11d2023-01-10g25.00l0o332.178025 RES-Bp00079064r2023-01-10 00:00:00w2023-01-10yBV c135426d135426